000 003380000a22000970004500
100 1 _aHurowitz, Victor Avigdor
245 1 0 _aEli's adjuration of Samuel (1Samuel 3:17-18) in the light of a "diviner's protocol" from Mari (AEM I/1,1)
300 _aVol. 44, Num. 4 (Octubre, 1994), Páginas 483-497
773 0 _tVetus Testamentum
942 _cANA
999 _c57969
_d57969